Nummedal, Tara. Alchemy and authority in the Holy Roman Empire. - Chicago [u.a.] : Univ. of Chicago Press. - 2007 [Rezension]
| Titel: | Nummedal, Tara. Alchemy and authority in the Holy Roman Empire. - Chicago [u.a.] : Univ. of Chicago Press. - 2007 [Rezension] |
|---|---|
| Verfasser: | |
| In: |
Revue historique, Band 132/310, Heft 647 (2008), Seite 702-704 alle Artikel anzeigen |
| Veröffentlicht: | 2008 |
| Format: | Aufsatz |
| Sprache: | Französisch |
X
alg: 39492867
001A $01999:12-11-16
001B $01999:04-08-21 $t20:59:35.000
001D $01999:12-11-16
001U $0utf8
001X $00
002@ $0Aox
003@ $0394928679
007A $0394928679 $aHEB
007T $0Herdc0045582m
010@ $afre
011@ $a2008
021A $aNummedal, Tara. Alchemy and authority in the Holy Roman Empire. - Chicago {[u.a.] : Univ. of Chicago Press. - 2007 [Rezension]
028A $aMichaud $dClaude
031A $d132/310 $e647 $h702-704 $j2008
039B $aIn $8--Abvc--. Revue historique. - Paris : Presses Univ. de France, 1876-. - ISSN 0035-3264 $x200800001320647298 $9047310693
039T $8--Aau--Nummedal, Tara E. [Tp3]. Alchemy and authority in the Holy Roman Empire. - Chicago {[u.a.] : Univ. of Chicago Press, 2007. - XVII, 260 S.. - Ill.. - ISBN 978-0-226-60856-3 $9198606990
045F $a900.94371 $eDDC23BSB
045F/01 $a900
045F/03 $g4371
045T $a8
lok: 39492867 78
exp: 39492867 78 1 #EPN
201B/01 $026-11-17 $t03:51:19.000
201U/01 $0utf8
203@/01 $0791227251
208@/01 $a12-11-16 $be
209A/01 $a/ $f000 $x00
220C/01 $aTitelaufnehmer: pg
220C/01 $aHerkunft: HI Marburg
244Z/01 $#Tschechien $#Tschechische Republik $#Tschechische Republik $#Tschechenland $#Tschechei Tschechien $#Česká Republika $#Czech Republic $#ČR $74303381-7 $8--Tg1--Tschechien $x01 $9086659812
244Z/01 $2Trx $#Böhmen $#Bohemia $#Czechy $8--Trx--Čechy $x02 $9391188941
244Z/01 $2Trx $#arvustused $#recenzijos $#Reviews $#recenziók $#recenzje $#recenzie $#recenze $8--Trx--Rezensionen $x03 $9391357441
247C/01 $82080>Marburg/Lahn, Herder-Institut, Forschungsbibliothek, Bibliographieportal $9336309341
| LEADER | 00000caa a22000002c 4500 | ||
|---|---|---|---|
| 001 | 394928679 | ||
| 003 | DE-603 | ||
| 005 | 20210804205935.0 | ||
| 007 | tu | ||
| 008 | 161112s2008 xx |||| | u00||u|fre c | ||
| 035 | |a (DE-599)HEB394928679 | ||
| 040 | |a DE-603 |b ger |c DE-603 |d DE-603 | ||
| 041 | |a fre | ||
| 082 | 0 | 4 | |8 1\u |a 900.94371 |q DE-101 |2 23/BSB |
| 084 | |a 8 |2 ssgn | ||
| 085 | |8 1\u |b 900 | ||
| 085 | |8 1\u |z 2 |s 4371 | ||
| 100 | 1 | |a Michaud, Claude | |
| 245 | 0 | 0 | |a Nummedal, Tara. Alchemy and authority in the Holy Roman Empire. - Chicago [u.a.] : Univ. of Chicago Press. - 2007 [Rezension] |
| 264 | 0 | |c 2008 | |
| 773 | 0 | 8 | |i In |t Revue historique |d Paris : Presses Univ. de France, 1876- |x 0035-3264 |g Band 132/310, Heft 647 (2008), Seite 702-704 |w (DE-603)047310693 |w (DE-600)209825-8 |
| 787 | 0 | 8 | |i Rezension von |a Nummedal, Tara E. |t Alchemy and authority in the Holy Roman Empire |d Chicago [u.a.] : Univ. of Chicago Press, 2007 |h XVII, 260 S., Ill. |z 9780226608563 |z 0226608565 |w (DE-603)198606990 |
| 924 | 0 | |9 2080 |a (DE-603)791227251 |b DE-2080 |c HES |d d |g / | |


